Hỏi-đáp về sinh lí con người chúng ta; T6 Thần kinh - giác quan
Gorde:
| Egile nagusia: | |
|---|---|
| Formatua: | Liburua |
| Hizkuntza: | Undetermined |
| Argitaratua: |
Hà Nội
KHKT
1977
|
| Gaiak: | |
| Etiketak: |
Etiketa erantsi
Etiketarik gabe, Izan zaitez lehena erregistro honi etiketa jartzen!
|
| Thư viện lưu trữ: | Trung tâm Học liệu Trường Đại học Cần Thơ |
|---|
| LEADER | 00572nam a2200193Ia 4500 | ||
|---|---|---|---|
| 001 | CTU_7226 | ||
| 008 | 210402s9999 xx 000 0 und d | ||
| 082 | |a 612 | ||
| 082 | |b L107 | ||
| 100 | |a Nguyễn Ngọc Lanh | ||
| 245 | 0 | |a Hỏi-đáp về sinh lí con người chúng ta; T6 | |
| 245 | 0 | |b Thần kinh - giác quan | |
| 245 | 0 | |c Nguyễn Ngọc Lanh | |
| 260 | |a Hà Nội | ||
| 260 | |b KHKT | ||
| 260 | |c 1977 | ||
| 650 | |a physiology | ||
| 904 | |i Nguyễn Quang Điền, 960601 | ||
| 980 | |a Trung tâm Học liệu Trường Đại học Cần Thơ | ||